College Quizbowl Stats
College Quizbowl Stats
Circuits
Seasons
Sets
Records
Detailed Stats
About
Loading...
2024 ESPN @ Chicago
Tossups
Bonuses
Players
Teams
Categories (Tossup)
Categories (Bonus)
Coby Tran
Charlotte Mewing to get that chiseled farmer’s bride jawline
Categories
Category
Powers
Gets
Negs
BBs
Points
Earliest Buzz
Avg. Buzz
First Buzzes
Top 3 Buzzes
Social Science
0
2
0
0
20
96
109.00
1
1
Science - Physics
0
2
1
0
15
131
131.50
0
1
Science - Chemistry
0
2
2
0
10
61
92.00
0
2
Science - Other Science
0
1
0
1
10
152
152.00
0
0
Science - Math
0
0
1
0
-5
0.00
0
0
Buzzes
Category
Answer
Value
Buzz Position
Science - Chemistry
silicon
10
61
Science - Chemistry
mercury
-5
87
Science - Math
argument
-5
91
Social Science
reaction time
10
96
Science - Chemistry
photoelectric effect
-5
96
Science - Physics
semimajor axis of orbit
-5
110
Social Science
stationary
10
122
Science - Chemistry
toluene
10
123
Science - Physics
criticality
10
131
Science - Physics
flight stability
10
132
Previous
1
2
Next